Xây dựng và sử dụng Website hỗ trợ dạy và học chương trình vật lý lớp 12 dựa trên mã nguồn mở notehi e - learning
Cơ sở lý luận của việc sử dụng Website dạy học nhằm phát huy tính tích cực tự học trong hoạt động nhận thức của học sinh. Xây dựng và sử dụng Website hỗ trợ dạy và học chương trình vật lý lớp 12 nhằm hỗ trợ cho dạy và học góp phần đổi mới phương pháp giảng dạy...
محفوظ في:
| المؤلف الرئيسي: | |
|---|---|
| مؤلفون آخرون: | |
| التنسيق: | كتاب |
| اللغة: | Vietnamese |
| منشور في: |
Đại học Đà Nẵng
Trường Đại Học Sư Phạm
2011
|
| سلاسل: | Báo cáo nghiên cứu khoa học. Chuyên ngành : Sư phạm vật lý
|
| الموضوعات: | |
| الوسوم: |
إضافة وسم
لا توجد وسوم, كن أول من يضع وسما على هذه التسجيلة!
|
| Thư viện lưu trữ: | Mạng thư viện Đại học Đà Nẵng |
|---|
| LEADER | 01744nam a2200337 4500 | ||
|---|---|---|---|
| 001 | 000012775 | ||
| 003 | 9094 | ||
| 005 | 20120228140229.0 | ||
| 008 | 120228s2011 viesd | ||
| 041 | |a vie | ||
| 072 | |a Công trình nghiên cứu khoa học | ||
| 082 | |a 006.7071 |b ĐA-Q | ||
| 100 | |a Đặng, Văn Quy |e Tác giả | ||
| 245 | |a Xây dựng và sử dụng Website hỗ trợ dạy và học chương trình vật lý lớp 12 dựa trên mã nguồn mở notehi e - learning |c Đặng, Văn Quy | ||
| 260 | |a Đại học Đà Nẵng |b Trường Đại Học Sư Phạm |c 2011 | ||
| 300 | |a 34 tr. |c 29 cm | ||
| 490 | |a Báo cáo nghiên cứu khoa học. Chuyên ngành : Sư phạm vật lý | ||
| 500 | |a Tham khảo tr.33 | ||
| 520 | |a Cơ sở lý luận của việc sử dụng Website dạy học nhằm phát huy tính tích cực tự học trong hoạt động nhận thức của học sinh. Xây dựng và sử dụng Website hỗ trợ dạy và học chương trình vật lý lớp 12 nhằm hỗ trợ cho dạy và học góp phần đổi mới phương pháp giảng dạy | ||
| 653 | |a xây dựng Website |a mã nguồn mở notehi e - learning |a vật lý 12 | ||
| 700 | |a Nguyễn, Hoàng Bảo Thanh |c TS |e Hướng dẫn | ||
| OWN | |a LSP | ||
| AVA | |a UDN50 |b LSP |d 006.7071 ĐA-Q |e available |t Error 5001 Not defined in file expand_doc_bib_avail. |f 1 |g 0 |h N |i 0 |k 1 | ||
| 999 | |a From the UDN01 | ||
| AVA | |a UDN50 |b LSP |d 006.7071 ĐA-Q |e available |t Error 5001 Not defined in file expand_doc_bib_avail. |f 1 |g 0 |h N |i 0 |k 1 | ||
| TYP | |a Monograph | ||
| TYP | |a Printed language | ||
| 980 | |a Mạng thư viện Đại học Đà Nẵng | ||